[Event "Gibraltar Masters 16th"]
[Site "Caleta"]
[Date "2018.02.01"]
[Round "10"]
[White "Sethuraman, SP."]
[Black "Perez Ponsa, Federico"]
[Result "1-0"]
[WhiteElo "2646"]
[BlackElo "2553"]
[Annotator "Sethuraman,SP"]
[PlyCount "79"]
[EventDate "2018.01.23"]
[EventType "swiss"]
[EventRounds "10"]
[EventCountry "GGB"]
[SourceTitle "CBM 183"]
[Source "ChessBase"]
[SourceDate "2018.03.14"]
[SourceVersion "1"]
[SourceVersionDate "2018.03.14"]
[SourceQuality "1"]

{After losing against the mighty Levon, the eventual winner of Gibraltar 2018,
with the black pieces in the penultimate round I had gained some pearls of
wisdom and was in a fighting mood.} 1. Nf3 d5 2. d4 Nf6 3. c4 e6 4. g3 dxc4 5.
Bg2 a6 6. O-O Nc6 7. e3 Bd7 8. Qe2 Bd6 {Nowadays this is hardly seen. Usually
Black supports the pawn with ...b5 but the idea of this move is focussed in
the centre to break with ...e5.} 9. Nfd2 $5 {Way back then in 2013 I found
this idea over the board against the Russian GM Shimanov and even after 5
years, the idea looked very sound and it was nostalgic not only to repeat it
again but also to score one more nice victory.} (9. Nbd2 b5 10. b3 c3 {This is
the difference with the other knight on d2.}) 9... b5 (9... Na5 $5) 10. b3 cxb3
11. Nxb3 O-O (11... e5 12. Bb2 exd4 13. Rc1 d3 14. Qxd3 (14. Qf3 $1 {A cold
blooded move gives White a huge advantage.}) 14... Ne5 15. Qe2 Bg4 16. f3 Be6
17. N1d2 Nc4 18. Nxc4 Bxc4 19. Qf2 c5 20. e4 Be7 21. e5 Nd7 22. f4 Rc8 23. f5 {
1-0 (50) Sethuraman,S (2538)-Shimanov,A (2640) Moscow 2013}) (11... a5 $5 12.
Qxb5 (12. Bd2 a4 13. Nc5 Bxc5 14. Qxb5 Bd6 15. Bxc6 O-O) 12... Nxd4 13. Qc4
Nxb3 14. axb3 Rb8 15. Rxa5 O-O $11) 12. Bb2 $14 {White has total control over
the key squares e5 and c5.} Qe8 13. Rc1 Rd8 14. N1d2 $6 (14. Nc5 {was more
accurate, creating instant problems for Black:} Nb8 (14... Bxc5 15. Rxc5 $16)
15. Nd2) 14... Nd5 {After my slight inaccuracy Black is able to consolidate
slowly although the objective assesment of the position remains the same.} 15.
Nc5 Bc8 {Here I had a tough choice of how to continue the game and was looking
for some productive plans. I read somewhere when you don't know what to do
just push the h-pawn :) gaining space. It was not a bad thought :) I suppose.}
16. h4 (16. a4 {- Computer's choice. I considered it during the game but was
afraid that all the pawns would get exchanged.}) 16... Nce7 (16... f5 17. Ndb3
$14 {Black's position is solid as well.}) 17. e4 $6 {I was worried about Black
playing ...f5 in the latter stages but it was not necessary to play concretely
as White is already statically better and he can take some time to improve his
pieces.} (17. Ndb3 Nb6 18. Na5 f5 19. Rc2 $14) 17... Nb6 18. Nd3 c6 19. Rab1 {
Against ...Na4.} a5 {My opponent can wait as well but he decided to be more
active.} 20. Bc3 b4 21. Ba1 {I have created some weaknesses in Black's camp
but still it is not easy to break through in the position.} Ba6 22. Nb3 Ra8 $1
$132 23. Nbc5 Bb5 {So far so good and here again I took a long time how to
continue further.} 24. Re1 {I thought at least I should bring the other rook
and the capture on c5 would only open my bishop but Black has now got huge
counterplay and one more extra pawn makes a big difference.} (24. a3 $1 {
- genius idea of the computer which never crossed my mind:} bxa3 25. Qa2 $14) (
24. h5 h6) 24... Bxc5 25. dxc5 Nd7 $6 {A bit passive when it was time to be
more active:} (25... Na4 26. Qc2 $13) (25... Nc4 $1 26. Qg4 f6 27. Qxe6+ Qf7
$15) 26. Qc2 (26. Qg4 Ng6 $17) 26... Rd8 27. Rbd1 Nf6 (27... f6 28. Nf4 Ng6 29.
Nxg6 Qxg6 30. Rd6 $11) 28. Nf4 (28. Bxf6 Bxd3 29. Rxd3 Rxd3 30. Qxd3 gxf6 31.
Qf3 Kg7 32. Qg4+ (32. e5 f5) 32... Kh8 33. Qf4 Ng8 $1 (33... Kg7 34. e5 f5 35.
Qg5+ Kh8 (35... Ng6 36. Qf6+) 36. h5 $18) 34. Qd6 Qb8 $13 (34... Qc8 35. Rd1))
(28. Be5 $142 $14) 28... Ng6 29. Bxf6 Rxd1 (29... gxf6 30. Nh5 Qe7 31. Rd6 $16
(31. Qc1 Kh8)) 30. Rxd1 Nxf4 {Already here both were having less time in a
complex position.} (30... gxf6 $2 31. Nh5 $18) 31. Be5 (31. Rd8 Qxd8 32. Bxd8
Ne2+ 33. Kh2 Rxd8 $132) 31... Ne2+ {looks natural but the knight gets locked
in there.} (31... Nxg2 $1 32. Bd6 Nxh4 33. gxh4 f6 34. Bxf8 Kxf8 $132) 32. Kh2
Nc3 $2 (32... f6 33. Bd6 Nc3 $1 (33... Rf7 34. a4 $1 Ba6 (34... bxa3 35. Bf3
$18) 35. Bf1 Nd4 36. Rxd4 Bxf1 37. Qd1 Ba6 38. Bc7 $1 $16) 34. Rd2 Rf7 35. a3
Rb7 $13) 33. Bxc3 bxc3 34. a4 $1 $18 {The intermediate move missed by my
opponent.} Ba6 35. Qxc3 Qa8 36. e5 Rc8 37. Qxa5 h6 38. Rd7 Bc4 39. Qxa8 Rxa8
40. Bxc6 {Finished with a decent score of 7/10 and this time it was a tight
packed field. Although only half a point behind the leaders, it meant a lot in
open events and had to share the prizes between 8-25 with the same points. A
huge group indeed, sometimes sharing is not caring :P} 1-0

[Event "Moscow Petrosian Memorial"]
[Site "Moscow"]
[Date "1995.??.??"]
[Round "3"]
[White "Shipov, Sergei"]
[Black "Smagin, Sergey"]
[Result "1/2-1/2"]
[WhiteElo "2510"]
[BlackElo "2540"]
[Annotator "Shipov,S"]
[PlyCount "87"]
[EventDate "1995.??.??"]
[EventType "tourn"]
[EventRounds "11"]
[EventCountry "RUS"]
[EventCategory "10"]
[SourceTitle "CBM 046"]
[Source "ChessBase"]
[SourceDate "1995.06.01"]
[SourceVersion "1"]
[SourceVersionDate "1995.06.01"]
[SourceQuality "1"]

1. d4 d5 2. c4 e6 3. Nf3 Nd7 $5 4. g3 {N/} (4. Bg5 Be7 5. Bxe7 Qxe7 6. e3 Ngf6
7. Nc3 O-O 8. Qb3 c6 9. Rd1 b6 $10) (4. Nc3 Ngf6) 4... dxc4 (4... c6 5. Qc2 $5)
5. Bg2 (5. Qa4 a6 $1 6. Qxc4 b5 $10) 5... Nb6 (5... b5 $2 6. Ne5) (5... Rb8 6.
a4 a6 7. a5 b5 8. axb6 cxb6 $6 9. Bf4 Rb7 10. Rxa6 $16) 6. O-O Ne7 $5 (6... Nf6
7. Nbd2 $14) 7. e4 $1 (7. Ne5 Nf5 $1 8. e3 Nd6 9. Nd2 Bd7 $1 $132) 7... Nc6 8.
Nc3 Be7 9. Be3 (9. Bf4 Bd6 $5 10. Bg5) 9... O-O 10. Qe2 Bd7 11. Rad1 $14 Bf6
12. h4 (12. e5 $32 Be7 13. h4 $36) 12... Qe8 $2 (12... e5 $1 13. dxe5 Nxe5 14.
Nxe5 Bxe5 15. f4 Bxc3 $8 16. bxc3 Qe7 $13) 13. e5 $1 Be7 14. Ng5 f6 15. exf6 (
15. Nxe6 $6 Bxe6 16. d5 Nxe5 17. dxe6 c6 $13) 15... Bxf6 (15... gxf6 16. Nxe6
Bxe6 17. d5 $16) 16. Nge4 $16 Nd8 (16... Be7 17. Nc5 $1) 17. Nxf6+ Rxf6 (17...
gxf6 18. Bh6 Rf7 19. Rfe1 $1 {/\19...Bc6 20.d5!/}) 18. Bg5 Rf7 (18... Rf8 19.
Rfe1 Bc6 20. d5 $1) 19. Rfe1 (19. Bxd8 $2 Rxd8 20. Bxb7 Bc6 21. Bxc6 Qxc6 $10)
19... h6 $1 20. Bxd8 (20. Bf4 $5) 20... Rxd8 21. Bxb7 Bc6 $1 22. Bxc6 Qxc6 23.
Qxe6 Qxe6 24. Rxe6 Rfd7 25. Rc6 (25. Ne2 c5) 25... Rxd4 26. Re1 $1 (26. Rxd4
Rxd4 27. Rxc7 Rd2 28. Rxa7 Rxb2 29. a4 Rb3 30. a5 Rxc3 31. axb6 Rb3 32. b7 Rb1+
33. Kg2 Kh7 $10) 26... R8d7 (26... Rd2 27. Rxc7 Rxb2 (27... R8d7 28. Rxd7 Nxd7
29. Re2) 28. Ree7 $40) 27. Re2 Rd2 28. Kf1 R2d3 29. a4 R3d4 $1 30. Kg2 (30. a5
Nd5 31. Nxd5 R4xd5 $14) 30... Rd2 31. Kf1 R2d4 32. Rc5 (32. Rc2 $32 Rd2 33.
Rxd2 Rxd2 34. a5 $16) 32... Kh7 33. a5 $6 (33. Rc2 $32) 33... Nd5 34. Nb5 Rd1+
35. Kg2 a6 36. Na3 c3 $1 (36... Ra1 $2 37. Nxc4 $16) 37. bxc3 Ra1 38. Nc2 Rc1
39. Kh2 (39. Nb4 Nxb4 40. cxb4 Rxc5 41. bxc5 Rd5 $10) 39... Rd6 40. Ne3 $2 Rxc3
41. Rxd5 Rxe3 $1 42. Rxd6 Rxe2 $10 43. Rxa6 Rxf2+ 44. Kh3 1/2-1/2

[Event "Interpolis-03"]
[Site "Tilburg"]
[Date "1979.11.10"]
[Round "7"]
[White "Sosonko, Gennadi"]
[Black "Huebner, Robert"]
[Result "1-0"]
[WhiteElo "2535"]
[BlackElo "2595"]
[Annotator "Sosonko,G"]
[PlyCount "35"]
[EventDate "1979.11.01"]
[EventType "tourn"]
[EventRounds "11"]
[EventCountry "NED"]
[EventCategory "15"]
[SourceTitle "MCL"]
[Source "ChessBase"]
[SourceDate "1999.07.01"]
[SourceVersion "1"]
[SourceVersionDate "1999.07.01"]
[SourceQuality "1"]

1. d4 Nf6 2. c4 e6 3. g3 d5 4. Bg2 dxc4 5. Nf3 a6 (5... b5 $6) 6. O-O $1 (6.
Ne5) (6. a4) 6... b5 $6 (6... Nc6) 7. Ne5 Nd5 8. Nc3 c6 (8... Bb7 9. Nxd5 Bxd5
(9... exd5 $142 10. e4 dxe4 11. Qh5 Qe7 (11... g6 12. Nxg6) 12. Bg5 Qe6 13.
Rae1 $40) 10. e4 Bb7 11. Qh5 g6 12. Nxg6 fxg6 13. Qe5 $18 {Sosonko-Schneider/
Buenos Aires/1978}) 9. Nxd5 exd5 (9... cxd5 10. e4 Bb7 (10... dxe4 11. Bxe4 Ra7
12. Bc6+ Nd7 (12... Bd7 13. Bxd7+ Nxd7 14. Nc6) 13. d5 $40) 11. Qh5 Qc7 (11...
g6 12. Nxg6 $1) 12. exd5 Bxd5 13. Bxd5 exd5 14. Re1 $18) 10. e4 Be6 11. a4 b4 (
11... Be7 12. axb5 cxb5 13. exd5 Bxd5 14. Nxf7 $1 $18) (11... f6 12. exd5 cxd5
13. Qh5+ g6 14. Nxg6 Bf7 15. Qe2+ $18) 12. exd5 Bxd5 $2 $18 (12... cxd5 $8 13.
Nxc4 $16 (13. f4 Be7 14. f5 Bc8 15. Nxf7 Kxf7 16. Qh5+ Kf8 17. f6 Bxf6 18. Bh6
$40 {+-})) 13. Qg4 $1 (13. Re1 Be7 14. Bg5 Ra7 {/\0-0}) 13... h5 (13... Bxg2
14. Re1 $18) (13... Be6 14. Qh5 Be7 (14... g6 15. Nxg6 fxg6 16. Qe5) 15. Nxc6
Nxc6 16. Bxc6+ $16 {/+-}) 14. Bxd5 cxd5 (14... hxg4 15. Bxf7+ Ke7 16. Bg5+) 15.
Qf5 Ra7 16. Re1 Re7 17. Bg5 g6 18. Bxe7 1-0

[Event "Prague Chip"]
[Site "Prague"]
[Date "1992.??.??"]
[Round "1"]
[White "Stohl, Igor"]
[Black "Smagin, Sergey"]
[Result "1/2-1/2"]
[WhiteElo "2560"]
[BlackElo "2550"]
[Annotator "Stohl,I"]
[PlyCount "97"]
[EventDate "1992.01.??"]
[EventType "tourn"]
[EventRounds "13"]
[EventCountry "CZE"]
[EventCategory "11"]
[SourceTitle "CBM 027"]
[Source "ChessBase"]
[SourceDate "1992.04.01"]
[SourceVersion "1"]
[SourceVersionDate "1992.04.01"]
[SourceQuality "1"]

1. c4 e6 2. Nf3 d5 3. d4 Nf6 4. g3 dxc4 5. Bg2 c5 6. O-O Nc6 7. Qa4 (7. dxc5
Qxd1 8. Rxd1 Bxc5 9. Nbd2 c3 10. bxc3 Bd7 11. Nb3 Be7 12. c4 (12. Nfd4 Rc8 $10)
12... O-O 13. Bb2 Rfd8 14. Ne5 Nxe5 15. Bxe5 Rac8 16. Bxb7 Rxc4 17. Bf3 Be8 18.
e3 Rxd1+ 19. Rxd1 Bc6 20. Bxc6 Rxc6 21. Bd4 a6 {1/2:1/2,Razuvaev,Y-Van der
Sterren,P,Prague Chip 1992-CBM 27}) (7. Ne5 {-50/516}) 7... Bd7 (7... cxd4 8.
Nxd4 Qxd4 9. Bxc6+ Bd7 10. Rd1 Qxd1+ 11. Qxd1 Bxc6 12. Nd2 $14) 8. Qxc4 b5 9.
Qd3 Rc8 10. dxc5 Bxc5 11. Nc3 b4 12. Ne4 $5 (12. Nb5 O-O 13. Be3 Bxe3 14. Qxe3
Ne7 $10 {Yusupov,A-Sokolov,A,Riga cm 1986}) 12... Nxe4 13. Qxe4 Qe7 {N} (13...
Ne7 14. Ne5 Bb5 15. Be3 $14 {Gulko,B-Renet,O,Clichy 1987}) (13... O-O 14. Rd1 (
14. Ng5 $6 f5 15. Qc4 Nd4 $36) 14... Qe7 15. Bg5 f6 16. Be3 $36) 14. Rd1 (14.
Be3 $5 f5 (14... Bxe3 15. Qxe3 $14) 15. Qd3 Bxe3 16. Qxe3 e5 17. a3 $5 $36)
14... e5 $1 15. Be3 f5 (15... Bxe3 16. Qxe3 O-O 17. Rac1 $14) 16. Qd3 Bxe3 $8 (
16... e4 $2 17. Bxc5 exd3 18. Bxe7 dxe2 19. Rxd7 $18) 17. Qxe3 e4 $6 (17... O-O
$1 18. Nxe5 (18. Rac1 e4 19. Nd4 Nxd4 20. Qxd4 Be6 $10) 18... Nxe5 19. f4 Qc5 (
19... Ba4 20. b3 Bc6 21. Qxe5 Qxe5 22. fxe5 Rfe8 $10) 20. Qxc5 Rxc5 21. fxe5
Be6 22. Rd6 Rxe5 23. Rxe6 Rxe6 24. Bd5 Rfe8 25. a3 bxa3 26. Rxa3 Kf8 27. Bxe6
Rxe6 $10) 18. Nd4 Ne5 (18... O-O 19. a3 $1 a5 20. Qb3+ Kh8 21. axb4 axb4 22.
Nxc6 Bxc6 23. Rd4 $36) 19. Qb3 $1 $16 a5 {/\a4,Qf7} (19... Qc5 20. Ne6 Qe7 21.
Nf4 $40) 20. Qd5 Rc5 (20... Qc5 21. Ne6 $1 (21. Nb3 Qxd5 22. Rxd5 Nc4 23. Nxa5
Nxb2 $14) 21... Qxd5 22. Nxg7+ (22. Rxd5 $16) 22... Ke7 23. Rxd5 $18 {_|_}) 21.
Qa8+ Rc8 $8 (21... Bc8 22. Nxf5 $18) 22. Qxa5 O-O 23. Rac1 g6 (23... Ra8 24.
Qd5+ {/\Rc7}) 24. Nb3 Rxc1 (24... Nc6 25. Qc5 $16) 25. Rxc1 Qd6 26. Qc5 Rf6 27.
f3 $1 exf3 28. exf3 f4 $5 29. gxf4 $6 (29. Qxd6 Rxd6 30. gxf4 Nc6 (30... Nd3
31. Rd1 $18) 31. Nc5 Nd4 (31... Bf5 32. Ne4 $18) 32. Kf2 Bf5 33. Rd1 $18) 29...
Qxc5+ 30. Nxc5 (30. Rxc5 Nd3 31. Rd5 Bf5 $132) 30... Rxf4 31. Re1 Rf5 $8 32.
Nxd7 (32. f4 $6 Nf3+ 33. Bxf3 Rxc5 $14) (32. Rxe5 $5 Rxe5 33. Nxd7 Re2 34. Bf1
Rxb2 35. Bc4+ Kg7 36. Bb3 Kh6 37. Ne5 Kg5 38. Nd3 Rd2 39. Nxb4 Kf4 40. Bd5 $16)
32... Nxd7 33. Re4 (33. Bh3 Rg5+ 34. Kf2 Nc5 $132) 33... Ra5 34. Bf1 Ne5 (34...
Kf8 $5 35. Rxb4 Rxa2 $14) 35. f4 $2 (35. Rxb4 $1 Rxa2 (35... Nxf3+ 36. Kf2 Nd2
(36... Nxh2 37. Bc4+ $18) 37. Bh3 $18) 36. f4 Nf3+ 37. Kf2 Nd2 38. Bd3 $18 {
פd2}) 35... Nf3+ 36. Kg2 Nd2 $10 37. Rxb4 Nxf1 38. Kxf1 Rxa2 39. Rb7 (39. Ke2
Ra1 {<=>><h2}) 39... Ra4 40. b4 Ra2 41. Kg1 (41. h4 $6 Rh2 42. b5 Rxh4 43. b6
Rxf4+ 44. Kg2 Rb4) 41... Rb2 42. b5 h6 (42... Kf8 $10) 43. b6 Kf8 44. h4 h5 $1
$8 (44... Ke8 45. h5 gxh5 46. f5 $18) 45. Kf1 Ke8 46. Ke1 Kd8 47. Rb8+ (47. Kd1
Kc8 48. Rc7+ Kb8 49. Rc6 Rb4 50. Rf6 Kb7 {/\Rb6=}) 47... Kd7 48. Kd1 Rb4 (48...
Kc6 $2 49. Rg8 Rg2 50. f5 $18) 49. Ke2 (49. Ke2 Rxf4 50. Rg8 Kc6 51. Rxg6+ Kb7
$10) 1/2-1/2

[Event "Tashkent FIDE GP 2nd"]
[Site "Tashkent"]
[Date "2012.12.03"]
[Round "10"]
[White "Gelfand, Boris"]
[Black "Wang, Hao"]
[Result "1/2-1/2"]
[WhiteElo "2751"]
[BlackElo "2737"]
[Annotator "Sumets,A"]
[PlyCount "83"]
[EventDate "2012.11.22"]
[EventType "tourn"]
[EventRounds "11"]
[EventCountry "UZB"]
[EventCategory "20"]
[SourceTitle "CBM 152"]
[Source "ChessBase"]
[SourceDate "2013.01.15"]
[SourceVersion "1"]
[SourceVersionDate "2013.01.15"]
[SourceQuality "1"]

1. d4 Nf6 2. c4 e6 3. Nf3 d5 4. g3 dxc4 5. Bg2 a6 6. O-O Nc6 7. e3 Bd7 8. Qe2
Bd6 $5 (8... b5 {is the main line.}) 9. Qxc4 O-O 10. Rd1 (10. Nc3 {An
illogical move. White provokes b5, b4. White's knight doesn't have a good
square to retreat to. I think Black doesn't have a problem here.} b5 11. Qb3 (
11. Qe2 b4 12. Nb1 (12. Na4 Ne7 (12... e5 $6 13. dxe5 Nxe5 14. Nxe5 Bxe5 15.
Rd1 (15. Bxa8 $6 Qxa8 $17 {Ribli,Z} 16. f4 Bb5 $1 (16... Bd6 17. b3 Bb5 18. Qf3
Bxf1 19. Qxa8 Rxa8 20. Kxf1 Ne4 $11) 17. Qf3 Bc6 $1 18. Qe2 Bd6 19. b3 Qe8 20.
Bb2 Bb5 21. Qd2 Bxf1 22. Rxf1 Ne4 23. Qd4 f6 $15) 15... Qe8 16. Nc5 Bc6 $11)
13. Qc2 Bc6 14. Nc5 Bxc5 15. Qxc5 Rb8 $11 {Ribli,Z}) 12... Na5 (12... Ne7 $6 {
= Ribli,Z} 13. e4 $1 Bb5 14. Qe1 Bxf1 15. Bxf1 Nd7 16. e5 a5 17. Nbd2 Nf5 18.
exd6 cxd6 19. Nc4 $16) 13. Rd1 Bb5 14. Qe1 (14. Qc2 Rc8 15. e4 c5 16. d5 (16.
e5 cxd4 17. Qd2 $8 Ne4 18. Qe1 Nxf2 19. Qxf2 Bc5 20. b3 Qb6 21. Kh1 d3 22. Qb2
Rfd8 $44) 16... e5 $13) 14... Qe8 $11 {Ribli,Z Beliavsky,A-Portisch,L George
Marx Memorial 2nd 2004 1-0 (42)}) 11... b4 12. Ne2 Na5 13. Qd1 Bb5 14. Re1 Rc8
15. b3 Qe7 16. Bb2 Rfd8 17. Qb1 Bc6 (17... c5 18. dxc5 Bxc5 19. Ned4 (19. Ng5
$2 Bd3 $17) 19... Bd7 $11) 18. Ng5 Bxg2 19. Kxg2 h6 (19... e5 $1 20. Ne4 exd4
21. Nxf6+ Qxf6 22. exd4 (22. Nxd4 $6 Be5 23. Re2 c5 24. Nf3 Bc3 25. Bxc3 bxc3
26. Qc2 c4 27. Rc1 (27. b4 $6 Nc6 28. a3 Rd3 $17) 27... cxb3 28. axb3 Qe6 $15)
(22. Bxd4 $6 Qe6 23. Qb2 f6 24. Qc2 c5 25. Bb2 c4 $15) 22... Re8 23. Qd3 Qg5
24. Rac1 Qd5+ 25. Qf3 Qxf3+ 26. Kxf3 f6 $11) 20. Ne4 Nd5 (20... Nxe4 $5 21.
Qxe4 c5 22. dxc5 Bxc5 23. Red1 Nb7 $11) 21. Qd3 Ra8 22. Rac1 $14 {Iljushin,
A-Meszaros EU-Cup 23rd Kemer 2007 1-0 (41)}) 10... Rb8 (10... Qe7 $5 11. Qe2 e5
(11... Rad8 $5 12. e4 $6 {a premature move} (12. Nc3 e5 $13) 12... e5 $1 13. d5
Nd4 14. Nxd4 exd4 15. Bg5 (15. Rxd4 $6 Bc5 16. Rd2 Ng4 $40) 15... h6 16. Bxf6
Qxf6 17. Nd2 Rfe8 $11) 12. dxe5 Nxe5 (12... Bxe5 $5 13. Nxe5 (13. Nc3 Bd6 14.
e4 Rfe8 $11) 13... Nxe5 14. Nc3 (14. Bxb7 $6 Bg4 15. f3 Rab8 16. fxg4 Rxb7 $15)
14... Rad8 15. e4 Bg4 16. f3 Be6 $13) 13. Nxe5 Bxe5 14. Bxb7 Rad8 (14... Bb5 $5
15. Qc2 Rad8 16. Nc3 Rxd1+ 17. Qxd1 Rd8 18. Qc2 Bd3 19. Qb3 Qd7 (19... c5 $6
20. Nd5 Nxd5 21. Bxd5 $14) 20. Bg2 c5 21. Bd2 Rb8 22. Qa3 c4 $44) 15. Na3 c6 $6
(15... Bg4 $5 16. Bf3 (16. f3 Rxd1+ 17. Qxd1 Rb8 18. fxg4 Rxb7 19. g5 Nd7 $44)
16... Rxd1+ 17. Qxd1 Rd8 18. Qe2 Bxf3 19. Qxf3 Qe6 $44) 16. Nc4 Bg4 17. f3
Rxd1+ 18. Qxd1 Rd8 19. Qe2 $16 {Black doesn't have complete compensation} Bh3
20. Bxa6 Nh5 21. Nxe5 Qxe5 22. Kf2 Nf6 23. Bd2 $2 (23. e4 $1 Rb8 24. Rb1 $18)
23... Qxb2 $14 {Bacrot,E-Sulskis,S Porto Carras GRE 2011 1/2 (36)}) 11. Nbd2
$146 {A sound idea. It is hard to believe that nobody has played it yet.} (11.
Nc3 {I can't recommend this} e5 12. d5 (12. dxe5 Nxe5 13. Nxe5 Bxe5 14. e4 Qe7
15. Bg5 Be6 16. Qe2 h6 $11) 12... Ne7 13. e4 b5 14. Qe2 h6 15. b3 b4 16. Nb1
Bb5 17. Qe1 c6 $11 (17... a5 $6 18. a4 Ba6 19. Bb2 $14) 18. dxc6 Qc7 19. Bb2 (
19. a4 $5 bxa3 20. Nxa3 Bxc6 21. Nc4 Bb4 22. Bd2 Bxd2 23. Nfxd2 Bb5 $11) 19...
Nxc6 20. Nbd2 Bc5 21. h3 Rfd8 22. Rac1 Qe7 23. Bf1 Nd4 24. Nh4 g6 25. Bxb5 Rxb5
26. Ndf3 Bb6 (26... Ra5 $5 27. Nxd4 Bxd4 28. Bxd4 Rxd4 (28... exd4 29. Rc4 Qxe4
30. Qxb4 Rxa2 31. Qb6 Qe7 32. Rc7 Rd7 33. Rxd7 Nxd7 34. Qxd4 $11) 29. Rxd4 exd4
30. Rc4 Qxe4 31. Qxe4 Nxe4 32. Rxd4 Nc3 33. Rxb4 Rxa2 $15) 27. Rc4 g5 28. Nxd4
exd4 29. Nf5 Qxe4 30. Bxd4 Qxf5 31. Bxb6 Re8 32. Rd8 Rxd8 33. Bxd8 Re5 34. Qd1
$4 (34. Qxb4 Re2 35. Bb6 Qxh3 36. Bd4 Qe6 $11) 34... Rd5 $19 35. Rd4 Ne4 $1 36.
f3 Qe5 $1 {0-1 Giri,A-Naiditsch,A Eilat ISR 2012}) (11. b3 e5 (11... b5 12. Qc2
e5 13. Bb2 (13. dxe5 Nxe5 14. Bb2 Qe7 15. Nbd2 Rfe8 16. Nxe5 Bxe5 17. Bxe5 Qxe5
18. Rac1 $14) 13... Qe7 14. Nbd2 (14. dxe5 $5) 14... Rfc8 $6 15. a3 h6 $6 16.
Nh4 Nd8 17. Nf5 $16 Bxf5 18. Qxf5 exd4 19. Bxd4 c5 20. Rac1 (20. Bxf6 $1 Qxf6
21. Qxf6 gxf6 22. Ne4 $1 (22. a4 $6 Kg7 23. axb5 axb5 24. Bd5 $14) 22... Be5
23. Rab1 $16) 20... Qe6 21. Qxe6 Nxe6 22. Bxf6 gxf6 23. Ne4 Be7 24. Nd6 (24.
Rd7 $1 Kf8 25. Ra7 c4 26. b4 Ra8 27. Rxa8 Rxa8 28. Nxf6 Rd8 29. Nd5 $16) 24...
Rd8 25. Nf5 Bf8 26. Bd5 Nc7 $14 27. e4 c4 28. bxc4 Bxa3 29. Ra1 Bf8 30. cxb5 (
30. Rdb1 $5 b4 31. Ra5 Rdc8 32. Kg2 $14) 30... Nxd5 31. exd5 axb5 32. d6 b4 $1
$11 33. Rd5 Rb6 34. Rb1 Kh7 35. Rd4 Bxd6 36. Nxd6 {1/2 Ganguly,S-Bacrot,E/
Fujairah City UAE 2012}) 12. Bb2 Qe7 (12... e4 13. Ne5 $1 (13. Nfd2 Re8 14. Nc3
Bf5 15. a3 Qd7 $13) 13... Qe7 14. Nxd7 (14. Nd2 Nxe5 15. dxe5 Bxe5 16. Bxe5
Qxe5 17. Nxe4 Nxe4 18. Qxe4 Qxe4 19. Bxe4 Rfd8 $11) 14... Nxd7 15. Nd2 Nb6 16.
Qe2 $14) 13. dxe5 Nxe5 14. Nxe5 Bxe5 15. Bxe5 Qxe5 16. Nd2 (16. Nc3 c6 17. Qd4
Qh5 18. Ne4 Nxe4 19. Qxd7 (19. Bxe4 Be6 20. Rd2 g6 21. Rad1 Rfe8 $11) 19... Nc3
20. Rd2 Qe5 21. Qd4 Qxd4 22. exd4 $11 {Prohaszka,P-Horvath,J/Heviz HUN 2012 1/
2 (43)}) 16... Be6 17. Qc2 Bg4 18. Re1 Rfd8 19. h3 Be6 20. Nf3 Qa5 21. Nd4 Bd5
$5 (21... Bd7 22. Rac1 c6 23. Red1 h6 $11) 22. e4 $5 (22. Red1 Bxg2 23. Kxg2 c6
$11) 22... Bxe4 $8 (22... c5 $6 23. Nf3 Be6 24. e5 Nd7 25. Ng5 $16) 23. Rxe4
Nxe4 24. Qxe4 Qc3 25. Nc2 Rd2 26. Re1 $8 g6 $6 (26... Rf8 $1 27. Re2 c6 $11)
27. Ne3 Rbd8 28. Ng4 (28. Qxb7 $1 Rxa2 29. Rf1 Qc5 30. b4 $14) 28... h5 $11 {
Ganguly,S-Fedorchuk,S/Fujairah City UAE 2012 1/2 (62)}) 11... e5 {Probably not
the best response to the novelty.} (11... Qe7 $5 12. Qe2 e5 13. dxe5 Nxe5 14.
Nxe5 Bxe5 15. Nc4 Rfd8 16. Qc2 (16. Nxe5 Qxe5 17. Qc2 $6 Bf5) 16... Bb5 17.
Rxd8+ Rxd8 18. Nxe5 Qxe5 19. Bd2 Bd3 20. Qb3 Ne4 $132) 12. dxe5 Bxe5 $5 {
It seems to be that after 12...Ne5 White has a better position without risk.} (
12... Nxe5 13. Nxe5 Bxe5 14. Nf3 Bd6 15. e4 Bb5 (15... Ng4 16. h3 Ne5 17. Nxe5
Bxe5 18. f4 Bd6 19. Be3 Qc8 20. g4 Be6 21. Qc3 $14) (15... Qe8 16. Re1 (16. e5
$6 Bxe5 17. Nxe5 (17. Re1 Be6) 17... Qxe5 18. Bf4 Qxb2 19. Qxc7 Be6 20. Qe5
Qxe5 21. Bxe5 Rbd8 22. Bxb7 Rxd1+ 23. Rxd1 Bxa2 $11) 16... Be6 17. Qc2 Nd7 18.
e5 Be7 19. Nd4 $14) 16. Qc2 Qe7 17. e5 $1 Bxe5 18. Re1 Nd7 19. Nxe5 Nxe5 20.
Bf4 f6 21. Rac1 Rfc8 (21... c6 $2 22. Bxe5 fxe5 23. a4 $18) 22. Qc3 Kh8 23.
Bxe5 fxe5 24. Rxe5 $14) 13. Qe2 (13. Ne4 Nxe4 14. Nxe5 Nxe5 15. Qxe4 Re8 16. b3
Qf6 17. Bb2 Nf3+ 18. Bxf3 Qxb2 19. Qd4 Qxd4 20. Rxd4 Be6 $11) 13... Qe7 14. Nc4
Rfd8 15. Bd2 (15. Qc2 $5 Bg4 16. Rxd8+ Rxd8 17. Bd2 Nd7 18. Nfxe5 Ndxe5 19.
Nxe5 Qxe5 20. Bc3 $14) 15... Bd4 16. Rac1 (16. Nxd4 $5 Nxd4 17. Qf1 Nc6 18. Be1
$13) 16... Bf5 17. Qe1 Bc5 18. a3 b5 $6 (18... Ne4 19. Bc3 Rxd1 20. Rxd1 Rd8
$11) (18... Be4 19. Bc3 Ba7 (19... h6 $6 20. Ncd2 $1 Bh7 21. Bxf6 $14) 20. b4
h6 21. Bb2 Qe6 $11) 19. Na5 Nxa5 20. Bxa5 Be4 21. Qc3 $6 (21. Rxd8+ Rxd8 22.
Qc3 Bd6 23. Nd4 Nd5 24. Qc6 Bxg2 25. Kxg2 Be5 26. Rd1 $14) (21. Nd4 $5 Bxg2 (
21... Bxd4 $6 22. exd4 Rd7 23. f3 Bd5 24. Qxe7 Rxe7 25. Rxc7 $16) 22. Kxg2 Rbc8
23. Bb4 Bxb4 24. axb4 $14) 21... Rxd1+ 22. Rxd1 Re8 23. Ng5 Bxg2 24. Kxg2 h6 (
24... Ng4 $1 25. Nf3 (25. h4 $6 Bxe3 26. Re1 h6 27. Nh3 Qe4+ 28. f3 Qa8 $17)
25... Bxe3 26. Re1 Nxf2 27. Bxc7 Ng4 28. Bf4 h6 29. h3 g5 30. Bxg5 hxg5 31.
hxg4 Qe4 32. Rh1 f6 33. Qxf6 Qc2+ 34. Kh3 Qh7+ 35. Kg2 Qc2+ $11) 25. Nf3 Ne4
26. Qc2 Bd6 27. Nd4 c5 $1 (27... Bc5 28. Bb4 $5 (28. Rc1 Bxd4 29. exd4 Qd8 30.
Bxc7 Qxd4 31. Rd1 Qa7 32. Re1 Nf6 33. Rxe8+ Nxe8 $11) 28... Bxb4 29. axb4 Qxb4
30. Nc6 Qc5 31. Qxc5 Nxc5 32. b4 Ne6 33. Rd7 $44) 28. Nf5 Qf6 29. Nxd6 Nxd6 30.
Qxc5 Qxf2+ 31. Kxf2 Ne4+ 32. Kf3 Nxc5 $11 33. Rd6 Re5 34. Bb4 Rf5+ 35. Kg4 g6
36. Bxc5 Rxc5 37. Rxa6 Rc2 38. b4 Rxh2 39. Ra5 Ra2 40. Kf3 h5 41. Rxb5 Rxa3 42.
Ke4 1/2-1/2